000 02653nam a2200349 a 4500
999 _c1373
_d1373
003 AR-BaISA
005 20230808112423.0
006 a||||fr|||| 00| 0
007 ta
008 230803s2011 ag ||||f |||| 00| 0 spa d
020 _a9789871660087
040 _bspa
_cAR-BaISA
082 0 4 _222
_a616.860 651 D716
100 _92995
_aDonghi, Alicia
_eaut.
245 1 0 _aInnovaciones de la práctica:
_bdispositivos clínicos en el tratamiento de las adicciones /
_cAlicia Donghi; con la colaboración de Mario Sánchez, Liliana Vázquez, Teresita Milán, Leonardo Ghioldi, Miriam Maidana y Laura Alcaraz
250 _a2ª ed.
260 _aBuenos Aires.
_bJCE Ediciones,
_c2011
300 _a158 p.
500 _aLa edición de este título se realiza en cumplimiento del Convenido suscripto entre la Facultad de Psicología UBA y JCE Ediciones, cf. Resolución (C.D.) Nº 1553/04. (Nota de tapa)
500 _aComité editorial. Constituido conforme la citada resolución Profesor Lic. Virgilio Enzo Carriolo Profesora Lic. Alicia Noelia Cayssials Profesor D. Gustavo Eduardo González Profesor Dr. David Alberto Laznik Profesor Lic. Rodolfo Ubarri
504 _aBibliografía al final de cada capítulo
505 _tACTUALIDAD:
_tMario Sánchez / La descompensación de la conciencia (Conferencia) --
_tLeonardo Ghioldi / El adicto como farmacólogo --
_tAlicia Donghi / La compulsión en los tiempos que corren --
_tDISPOSITIVOS:
_tAlicia Donghi / ¿Qué es un dispositivo?: construir la estrategia en experiencia --
_tAlicia Donghi / Abordaje familiar y clínica de toxicómanos: "la cocina de un dispositiivo" --
_tAlicia Donghi / Un dispositivo de reducción de daños para una pequeña comunidad de músicos --
_tDEL PSICOANÁLISIS:
_tAlicia Donghi / El psicoanálsis: un tratamiento de sustitución posible --
_tAlicia Donghi / Clínica del consumo responsable --
_tAlicia Donghi y Liliana Vázquez / El dolor y su tratamiento --
_tOTRAS ADICCIONES:
_tAlicia Donghi y Liliana Vázquez / Contrapunto cínico: alcoholismo femenino - Alcoholismo masculino --
_tAlicia Donghi / "Afortunado en el juego" --
_tAlicia Donghi y Miriam Maidana / "¿Mencioné que fumaba paco?" --
_tAlicia Donghi y Laura Alcaraz / Elecciones de "paquero" a "basurero"
650 1 4 _91721
_aAdicciones
_vtratamiento
_xpsicología
650 1 4 _9141
_aPsicoanálisis
700 _92996
_aSánchez, Mario
_eaut.
700 _92997
_aVázquez, Liliana
_eaut.
700 _92998
_aMilán, Teresita
_eaut.
700 _92999
_aGhioldi, Leonardo
_eaut.
700 _93000
_aMaidana, Miriam
_eaut.
700 _93001
_aAlcaraz, Laura
_eaut.
942 _2ddc
_cLI
_e22